[Event "RUS-ch Seniors (Women)"]
[Site "Odintsovo"]
[Date "2011.04.26"]
[Round "8"]
[White "Trotsenko, Evgenia"]
[Black "Mayorova, Lyudmila"]
[Result "1/2-1/2"]
[WhiteElo "1981"]
[BlackElo "2018"]
[PlyCount "44"]
[EventDate "2011.04.19"]
[EventType "swiss"]
[EventRounds "9"]
[EventCountry "RUS"]
[SourceTitle "CBM 142 Extra"]
[Source "ChessBase"]
[SourceDate "2011.06.27"]
[SourceVersion "1"]
[SourceVersionDate "2011.06.27"]
[SourceQuality "1"]

1. c4 e5 2. Nc3 Nc6 3. g3 f5 4. Bg2 Nf6 5. e3 d6 6. Nge2 Be7 7. 0-0 0-0 8. d4 Qe8 9. Rb1 Rb8 10. b4 a6 11. a4 Bd7 12. d5 Nd8 13. b5 axb5 14. axb5 Nf7 15. Qb3 e4 16. f3 exf3 17. Bxf3 Ne5 18. Bg2 Nd3 19. Qc2 Nc5 20. Ba3 Ng4 21. Bxc5 dxc5 22. Nd1 Bg5 1/2-1/2

[Event "RUS-ch Seniors (Women)"]
[Site "Odintsovo"]
[Date "2011.04.25"]
[Round "7"]
[White "Mayorova, Lyudmila"]
[Black "Kabanova, Irina"]
[Result "1-0"]
[WhiteElo "2018"]
[BlackElo "1974"]
[PlyCount "87"]
[EventDate "2011.04.19"]
[EventType "swiss"]
[EventRounds "9"]
[EventCountry "RUS"]
[SourceTitle "CBM 142 Extra"]
[Source "ChessBase"]
[SourceDate "2011.06.27"]
[SourceVersion "1"]
[SourceVersionDate "2011.06.27"]
[SourceQuality "1"]

1. d4 Nf6 2. Bg5 e6 3. Nf3 Be7 4. e3 d6 5. c3 h6 6. Bh4 0-0 7. Bd3 Nbd7 8. Nbd2 c5 9. Rc1 b6 10. 0-0 Bb7 11. Bb1 e5 12. e4 Re8 13. Re1 Qc7 14. Nc4 b5 15. Ne3 g6 16. Nd2 Nxe4 17. Nxe4 Bxh4 18. Qg4 Bf6 19. Nxf6+ Nxf6 20. Qh4 Kg7 21. g4 Bc8 22. g5 hxg5 23. Qxg5 Rh8 24. Qxf6+ Kxf6 25. Nd5+ Kg7 26. Nxc7 Rb8 27. dxe5 dxe5 28. Be4 Bh3 29. Bg2 Bxg2 30. Kxg2 Rh5 31. Re3 Rb7 32. Ne8+ Kf8 33. Nd6 Rb6 34. Ne4 Rc6 35. Rd1 f5 36. Ng3 Rh7 37. Rxe5 Re7 38. Rdd5 Rxe5 39. Rxe5 a6 40. Ne2 Kf7 41. h4 Kf6 42. Rd5 g5 43. hxg5+ Kxg5 44. Ng3 1-0